01589cam a22003495a 4500999001700000001000900017005001700026008004100043010001700084020001500101020001800116040003300134042000800167082001900175100002600194245007400220250003300294260005600327300003600383504006500419505005400484520033700538650004600875650003600921650004700957651001001004653002501014655001701039700003701056942000801093952013801101 c27014d269861210918420181118153142.0000717s2001 njua frb 001 0 eng d a 00059844  a0130320714 a9780130320711 aDLCbengcDLCdDLCdEG-ScBUE apcc04a004.6bCOM2221 aComer, Douglas.9381710aInternetworking with TCP/IP /cDouglas E. Comer and David L. Stevens. aLinux/POSIX sockets version. aUpper Saddle River, N.J. :bPrentice Hall,cc.2001. axxvii, 601 p. :bill. ;c26 cm. aIncludes bibliographical references (p.[577]-583) and index.2 av. 3. Client-server programming and applications. aAn introduction to TCP/IP-based internetworking, this edition explains technologies such as Mobile IP, Virtual Private Networks, resource reservation with RSVP, and Ipv6. It reveals how to master TCP/IP and how the Internet works. It provides an introduction to physical networks and shows how they are combined to form an Internet. 7aTCP/IP (Computer network protocol)2BUEsh 7aClient/server computing.2BUEsh 7aInternetworking (Telecommunication)2BUEsh 2BUEsh bENGGENcNovember2018 vReading book1 aStevens, David L.,d1962-941945 2ddc 00102ddc40708BaccahaMAINbMAINcLOWd2018-11-18ePurchaseg1580.00l1o004.6 COMp000043987r2025-07-15 00:00:00s2020-01-04yBB